Rich dad's success stories : real life success stories from real life people who followed the rich dad lessons

Bibliographic Details
Main Author: Kiyosaki,Robert T
Other Authors: Lechter,Sharon L
Format: Book
Published: New York : Warner Business Book , 2005
Subjects:

MARC

LEADER 00000cam a2200000 7i4500
001 0000014823
005 20080314.0
008 080306
020 |a 0446691801 
090 0 0 |a 332.02401   |b KIY 
100 0 |a Kiyosaki,Robert T 
245 1 0 |a Rich dad's success stories :   |b real life success stories from real life people who followed the rich dad lessons   |c Robert T.Kiyosaki, with Sharon L.Lechter 
260 |a New York :   |b Warner Business Book ,   |c 2005 
650 0 |a Finance security 
650 0 |a Finance, Personal 
700 0 |a Lechter,Sharon L 
999 |a 0001014774   |b Book   |c Adult Collection   |e Perbadanan Perpustakaan Awam Johor